01277nam a2200337Ia 4500001001200000003000800012006001900020007001500039008004100054010001700095015001900112020001500131020001500146020002200161040002100183035002100204050002500225082002000250245011200270250001200382260004300394300001600437504005100453533015200504650004600656650003900702655002900741700002600770710001700796856012600813ebr10135593CaPaEBRm u cr cn|||||||||040922s2005 nyu sb 001 0 eng d z 2004059984 aGBA5210552bnb z1403981876 z1403967776 z1403967784 (pbk.) aCaPaEBRcCaPaEBR a(OCoLC)56017957814aLC5131b.U684 2005eb04a370/.9173/222200aUrban education in the United Statesh[electronic resource] :ba historical reader /cJohn L. Rury, editor. a1st ed. aNew York :bPalgrave MacMillan,c2005. axii, 352 p. aIncludes bibliographical references and index. aElectronic reproduction.bPalo Alto, Calif. :cebrary,d2009.nAvailable via World Wide Web.nAccess may be limited to ebrary affiliated libraries. 0aEducation, UrbanzUnited StatesxHistory. 0aEducationzUnited StatesxHistory. 7aElectronic books.2local1 aRury, John L.,d1951-2 aebrary, Inc.40uhttp://site.ebrary.com/lib/rucke/Doc?id=10135593zAn electronic book accessible through the World Wide Web; click to view